BIBLIOTECA

SENCICO

Acústica para arquitectos / (Registro nro. 2060)

Detalles MARC
000 -LEADER
fixed length control field 01689nam a2200265Ia 4500
003 - CONTROL NUMBER IDENTIFIER
control field PE SENCICO BE
005 - DATE AND TIME OF LATEST TRANSACTION
control field 20251020182530.0
008 - FIXED-LENGTH DATA ELEMENTS--GENERAL INFORMATION
fixed length control field 200515s9999 xx 000 0 und d
020 ## - INTERNATIONAL STANDARD BOOK NUMBER
International Standard Book Number 978-612-4357-09-1
040 ## - CATALOGING SOURCE
Original cataloging agency PE SENCICO BE
Transcribing agency PE SENCICO BE
041 ## - LANGUAGE CODE
Language code of text/sound track or separate title spa
082 ## - DEWEY DECIMAL CLASSIFICATION NUMBER
Classification number 729.29
Item number R68
100 1# - MAIN ENTRY--PERSONAL NAME
Personal name Rivas Kubler, Carlos Daniel
9 (RLIN) 47
Relator term autor
245 10 - TITLE STATEMENT
Title Acústica para arquitectos /
Statement of responsibility, etc. Carlos Daniel Rivas Kubler
250 ## - EDITION STATEMENT
Edition statement 1a ed.
260 ## - PUBLICATION, DISTRIBUTION, ETC.
Place of publication, distribution, etc. Lima:
Name of publisher, distributor, etc. Universidad Alas Peruanas ;
Date of publication, distribution, etc. 2019.
300 ## - PHYSICAL DESCRIPTION
Extent [10], 176 p.:
Other physical details diagrs., il. ;
Dimensions 25 cm.
505 0# - FORMATTED CONTENTS NOTE
Formatted contents note Visuales -- Naturaleza del sonido -- Refuerzos acústicos -- Ecos -- Materiales y dispositivos acústicos -- Tiempo de reverberación -- Protección acústica -- Aire acondicionado -- Acústica electrónica -- Historia de la arquitectura acústica
520 3# - SUMMARY, ETC.
Summary, etc. Es un libro pensado para presentar a los arquitectos y estudiantes de arquitectura esta ciencia rama de la física, de la manera más gráfica y didáctica posible, mostrando sus principios, leyes y fenómenos más importantes al quehacer arquitectónico; explicando además paso a paso cada uno de los procedimientos que necesita el arquitecto al momento de diseñar teniendo en cuenta los criterios acústicos necesarios para conseguir un recinto con una buena sonoridad e inteligibilidad. Se trata además se tratan los problemas de las visuales, la protección acústica, el uso de equipos electrónicos y un poco de su desarrollo histórico.
650 10 - SUBJECT ADDED ENTRY--TOPICAL TERM
Topical term or geographic name entry element Acústica arquitectónica
9 (RLIN) 48
650 20 - SUBJECT ADDED ENTRY--TOPICAL TERM
Topical term or geographic name entry element Arquitectura
9 (RLIN) 49
650 20 - SUBJECT ADDED ENTRY--TOPICAL TERM
Topical term or geographic name entry element Aire acondicionado
9 (RLIN) 53
650 20 - SUBJECT ADDED ENTRY--TOPICAL TERM
Topical term or geographic name entry element Sonido
9 (RLIN) 51
942 ## - ADDED ENTRY ELEMENTS (KOHA)
Koha item type Libros
Source of classification or shelving scheme Dewey Decimal Classification
Classification part 729.29
Item part R68
Existencias
Fecha de la última vez que lo usaron Número de ingreso o de inventario Pago total Signatura topográfica completa Código de barras Precio efectivo desde Tipo de documento Estado perdido Sistema de clasificación Estado dañado No es para préstamo Retirado Ubicación permanente Ubicación actual Fecha de adquisición
15/05/2020 16588   729.29/R68 BibLima25010007 15/05/2020 Libros   Dewey Decimal Classification       Biblioteca Central Lima Biblioteca Central Lima 15/05/2020
07/01/2025     729.29/R68/ej. 2 BibLima25010008 07/01/2025 Libros   Dewey Decimal Classification       Biblioteca Central Lima Biblioteca Central Lima 18/11/2024